Dopasuj miasto do państwa - klikanie (wersja łatwa) - Statystyki

Ogólne statystyki
  • Ten quiz został rozwiązany 23 razy
  • Średni wynik to 13 z 15
Statystyki odpowiedzi
Hint Odpowiedź % Poprawnych
Rio de Janeiro Brazylia
100%
Kopenhaga Dania
100%
Sydney Australia
95%
Houston Stany Zjednoczone
95%
Dubaj Zjednoczone Emiraty Arabskie
95%
Dżakarta Indonezja
89%
Stuttgart Niemcy
89%
Toruń Polska
89%
Rijad Arabia Saudyjska
84%
Delhi Indie
84%
Porto Portugalia
84%
Goteborg Szwecja
84%
Johannesburg Republika Południowej Afryki
79%
Belmopan Belize
63%
San Jose Kostaryka
58%
Nie znaleziono quizów pasujących do podanych kryteriów
Rozkład punktacji
Procent ludzi z każdym wynikiem
Percentyl według liczby udzielonych odpowiedzi
Twoja historia wyników
Nie rozwiązałeś tego quizu